000 00658nam a2200205Ia 4500
003 GCL
008 140319s9999 xx 000 0 ara d
040 _aGCL /
_cGCL
082 0 4 _a820.8015
_bت ر
100 1 _aتشادويك، تشارلز
245 1 0 _aالرمزية /
_cتشادويك، تشارلز
700 1 _aنسيم ابراهيم يوسف
260 _a[S.N] :
_bالهيئة المصرية العامة للكتاب ،
_c1992
300 _a157
490 _a
650 0 4 _aالرمزية فى الادب
650 0 4 _aالادب الانجليزى المترجم
650 0 4 _aالادب العربى المترجم
942 _2ddc
_cBK
999 _c28941
_d28941